Para que sirven los dientes?

Salvato in:
Dettagli Bibliografici
Autore principale: Gusti (Autore)
Natura: Libro
Lingua:spagnolo
Pubblicazione: Santiago Santillana del Pacífico 2014
Edizione:4a. ed
Serie:Alfaguara Infantil. Descubrimos
Soggetti:
Tags: Aggiungi Tag
Nessun Tag, puoi essere il primo ad aggiungerne!!

MARC

LEADER 00000cam a2200000 a 4500
001 UCE9839
003 CL-VaPUC
005 20250414124528.0
008 151106e20140300cl |||||||||||||||||spa|d
999 |c 361482  |d 361480 
020 |a 9789563471410 
040 |c Pontificia Universidad Católica de Valparaíso 
082 0 4 |a 808.068  |b GUS  |2 21 
100 |a Gusti  |e author  |9 582796 
245 1 0 |a Para que sirven los dientes? 
250 |a 4a. ed 
260 |a Santiago  |b Santillana del Pacífico  |c 2014 
300 |a pág. Irreg 
490 0 |a Alfaguara Infantil. Descubrimos 
500 |a Pre-lectores 
583 |a last modification  |c 20151106 14:16:00  |k Rodrigo Vera 
650 0 |a Literatura infantil   |9 307465  |x Cuentos 
942 |c BK  |2 ddc 
945 |d 20151106 14:16:00  |a arojas 
952 |0 0  |1 0  |3 erd  |4 0  |6 808_068000000000000_GUS_2014  |7 0  |8 A  |9 472043  |a BIBEDU  |b BIBEDU  |i 5247772  |l 1  |o 808.068 GUS 2014  |p 5247772  |r 2022-11-21  |s 2022-11-21  |w 2019-11-24  |y BK  |z Catalogado en:20151106  |k EBA